[Event "US-ch Women 2018"]
[Site "Saint Louis"]
[Date "2018.04.28"]
[Round "10"]
[White "Abrahamyan, Tatev"]
[Black "Paikidze, Nazi"]
[Result "0-1"]
[WhiteElo "2366"]
[BlackElo "2352"]
[Annotator "TA"]
[PlyCount "80"]
[EventDate "2018.??.??"]
[EventType "tourn"]
[EventCountry "USA"]
[SourceTitle "playchess.com"]
[Source "ChessBase"]
[SourceQuality "1"]

{[%evp 9,80,0,0,0,0,0,2,0,25,-11,16,14,13,0,0,0,5,8,6,0,8,19,0,9,58,45,64,54,59,14,14,16,48,0,43,50,73,76,77,77,77,77,77,77,92,80,86,83,79,75,96,77,64,0,0,0,0,0,134,123,122,130,121,108,179,170,166,-191,-195,-195,-195,-1066,-1006]} 1. e4 c6 2. d4 d5 3. Nc3 b5 4. Bd3 (4. a3 dxe4 5. Nxe4 Nf6 6. Bd3 g6 7. Bg5 Bg7 8. Nf3 O-O 9. Qd2 Bf5 10. Nxf6+ exf6 11. Be3 Bxd3 12. Qxd3 Nd7 13. d5 {0-1 (41) Belyakov,B (2487)-Howell,D (2644) Doha 2016}) 4... b4 5. Nce2 dxe4 6. Bxe4 {B15: Caro-Kann: 3 Nc3: 3...g6 and 3...dxe4 4 Nxe4 Nf6 5 Nxf6+ exf6} Nf6 7. Bf3 e6 8. Nh3 {[%cal Bg1h3,Bh3f4,Bf4d3][%mdl 32] The position is equal.} Bd6 $146 ({Predecessor:} 8... Be7 9. O-O O-O 10. Nhf4 Bb7 11. Nd3 Nbd7 {½-½ (41) Abrahams,D (2080)-Garcia Albarracin,F (2374) Porto 2015}) 9. Nhf4 Qc7 10. Nd3 Nbd7 11. Bf4 Bxf4 12. Nexf4 Rb8 13. O-O O-O 14. a3 a5 15. axb4 axb4 16. Qd2 Qd6 17. Qe3 $36 {[%mdl 2048] White has some pressure.} Nd5 18. Bxd5 $1 cxd5 19. b3 Ba6 20. Ra4 Rfc8 21. Rc1 Rb6 22. Qd2 {[%cal Rd3b4]} Rcb8 23. Rca1 Bxd3 24. Nxd3 h6 25. Ra7 Re8 26. h3 Reb8 27. R1a4 Nf6 28. Nc5 e5 29. dxe5 Qxe5 30. Na6 {[%cal Bc5a6,Ba6b4,Bb4d3][%mdl 32]} Ne4 31. Qe3 (31. Qe1 $14 Rf8 32. Nc5 $1 {[%mdl 512]} (32. Rxb4 Qf6 $11) (32. Nxb4 Qc3 $15)) 31... d4 $1 $11 {[%cal Rd4e3]} 32. Qe1 Re8 33. Nxb4 Rg6 {[#]} (33... Nc5 $11 {remains equal.} 34. Qxe5 Rxe5) 34. Ra8 $1 $16 Rxa8 35. Rxa8+ Kh7 36. Ra6 f6 (36... Rxa6 $16 {was worth a try.} 37. Nxa6 f5) 37. Nd3 Qf5 {Threatens to win with ...Qf3.} 38. Ra5 $4 {[%mdl 8192]} (38. Qe2 $18 {and life is good for White.}) 38... Qf3 $1 $19 {[%csl Gg6][%cal Rf3g2][%mdl 1024] Black has strong compensation.} 39. Qf1 {[#]} Nd2 $1 {[%cal Rd2f1]} 40. Ne1 $2 (40. Kh1 Qc6 41. Qg1 (41. Nb4 $2 Qc3 $19) 41... Qxc2 42. Nf4) 40... Qd1 {Precision: White = 54%, Black = 65%.} 0-1

[Event "US-ch Women 2018"]
[Site "Saint Louis"]
[Date "2018.04.28"]
[Round "10"]
[White "Wang, Annie"]
[Black "Zatonskih, Anna"]
[Result "1/2-1/2"]
[WhiteElo "2321"]
[BlackElo "2444"]
[Annotator "TA"]
[PlyCount "84"]
[EventDate "2018.??.??"]
[EventType "tourn"]
[EventCountry "USA"]
[SourceTitle "playchess.com"]
[Source "ChessBase"]
[SourceQuality "1"]

{[%evp 26,84,46,35,62,41,45,49,85,0,0,0,35,18,19,10,31,4,2,3,9,-7,0,-6,0,0,0,0,0,0,0,0,0,0,0,0,0,0,0,0,0,0,0,0,0,0,0,0,0,0,0,0,0,0,0,0,0,0,0,0,0]} 1. d4 d5 2. c4 e6 3. Nc3 Be7 4. Nf3 Nf6 5. Bf4 O-O 6. e3 c5 7. dxc5 Bxc5 8. Qc2 Nc6 9. a3 Qa5 10. Rd1 Be7 11. Be2 {D37: Queen's Gambit Declined: 5 Bf4} dxc4 (11... Ne4 12. cxd5 Nxc3 13. Qxc3 Qxc3+ 14. bxc3 exd5 15. Rxd5 Bxa3 16. Nd4 Nxd4 17. exd4 b6 18. Kd2 Be6 {½-½ (95) Carlsen,M (2853)-Nakamura,H (2814) Saint Louis 2015}) 12. Bxc4 Nh5 13. O-O Nxf4 14. exf4 {[%cal Be3f4,Bf4f5][%mdl 32] LiveBook: 10 Games} a6 15. Rfe1 Rd8 $146 ({Predecessor:} 15... g6 16. g3 b5 17. Be2 Bb7 18. Rd7 Bc8 19. Rdd1 Bb7 20. Rd7 Bc8 21. Rdd1 {½-½ (21) Saito,V (2048)-Sztokbant,B (2062) Sao Bernardo do Campo 2013}) 16. Rxd8+ Qxd8 {[#]} 17. Rd1 (17. f5 $1 $16) 17... Qc7 $11 18. f5 Qf4 19. Bd3 h6 20. Ne2 Qb8 21. Ned4 Nxd4 {The position is equal.} 22. Nxd4 exf5 23. Re1 Qd6 24. Bxf5 Qxd4 25. Bxc8 Qc5 26. Qxc5 Bxc5 27. Bxb7 {[%mdl 4096] Endgame KRB-KRB} Rb8 28. Bxa6 (28. Re5 {feels hotter.} Bd4 29. Rd5 Bxb2 30. Bxa6 Bxa3 31. g3) 28... Rxb2 29. Be2 Bxa3 {[#] aiming for ...Bb4.} 30. Kf1 Bc5 31. Rc1 Bb6 32. g3 g6 33. Rc6 Kg7 34. Rd6 h5 35. h4 Bc5 36. Rc6 Bd4 37. Rd6 Ba7 38. Rc6 Bd4 39. Rd6 Bb6 40. Rd5 Rc2 41. Rd6 Rb2 42. Rd5 Ba7 {Precision: White = 81%, Black = 59%.} 1/2-1/2

[Event "US-ch Women 2018"]
[Site "Saint Louis"]
[Date "2018.04.28"]
[Round "10"]
[White "Goletiani, Rusudan"]
[Black "Krush, Irina"]
[Result "0-1"]
[WhiteElo "2306"]
[BlackElo "2422"]
[Annotator "TA"]
[PlyCount "84"]
[EventDate "2018.??.??"]
[EventType "tourn"]
[EventCountry "USA"]
[SourceTitle "playchess.com"]
[Source "ChessBase"]
[SourceQuality "1"]

{[%evp 21,84,-5,2,-16,-14,-22,-17,-49,-49,-66,-67,-71,-69,-94,-54,-50,-23,-89,-52,-68,0,-16,-3,-25,2,-28,-24,-31,-28,-82,-68,-72,-66,-91,-73,-104,-112,-302,-260,-308,-302,-297,-299,-289,-289,-847,-824,-852,-860,-971,-963,-1016,-1006,-1000,-975,-1293,-1181,-1280,-1259,-1275,-1226,-1385,-1129,-953,-542]} 1. Nf3 Nf6 2. g3 d5 3. Bg2 e6 4. c4 dxc4 5. Qa4+ c6 6. Qxc4 b5 7. Qc2 Bb7 8. O-O Nbd7 {A13: English Opening: 1...e6} 9. b3 (9. d4 c5 10. Nc3 a6 11. Bg5 Rc8 12. Rad1 Qb6 13. Qd2 Be7 14. Ne5 Bxg2 15. Nxd7 Nxd7 16. Kxg2 cxd4 17. Bxe7 Kxe7 18. Qxd4 Qxd4 19. Rxd4 {½-½ (55) Mamedov,R (2688)-Ghaem Maghami,E (2574) Doha 2016}) 9... Be7 10. Bb2 O-O 11. Nc3 Qb6 {LiveBook: 10 Games} 12. d3 $146 ({Predecessor:} 12. Ng5 h6 13. Nge4 Nd5 14. d3 Nb4 15. Qd1 c5 16. a3 {0-1 (43) Skembris,S (2412)-David,A (2584) Loutraki 2015}) 12... c5 13. e4 Rac8 14. Nd2 Nb8 15. Ne2 Nc6 16. a3 Rfd8 17. Rac1 Rd7 18. Nf3 Rcd8 19. Rfd1 (19. Nf4 $11) 19... b4 20. a4 Ba6 (20... h6 $15) 21. Nf4 $11 Rc8 22. Rd2 Rdc7 23. h4 Nd4 24. Qd1 Nd7 {[%cal Bf6d7,Bd7e5,Be5c6,Bc6a5,Ba5b3][%mdl 32]} 25. Bh3 (25. e5 $11 {remains equal.}) 25... Bf6 $17 26. Ne1 Ne5 27. Nfg2 Nec6 $36 {[%mdl 2048] White is under strong pressure.} 28. Rb1 Na5 29. Bc1 $2 (29. Bxd4 $17 Bxd4 30. Qe2) 29... Naxb3 $19 30. Rxb3 Nxb3 31. Qxb3 c4 32. dxc4 Bxc4 ({Resist} 32... Rxc4 33. Bb2 $19) 33. Qb1 $2 {[#]} (33. Qf3) 33... Ba2 $1 {[%mdl 512] Black is clearly winning.} 34. Qxa2 b3 {[%cal Bb4b3,Bb3b2][%mdl 32]} 35. Qa3 Rxc1 36. e5 Bxe5 37. a5 {[#]} Qb8 $1 38. Rd8+ Rxd8 39. Qxc1 b2 40. Qb1 Qc7 {Strongly threatening ...Qc1.} 41. Nc2 Qxa5 42. Nge3 Qa1 {Precision: White = 23%, Black = 78%.} 0-1

[Event "US-ch Women 2018"]
[Site "Saint Louis"]
[Date "2018.04.28"]
[Round "10"]
[White "Gorti, Akshita"]
[Black "Derakhshani, Dorsa"]
[Result "1/2-1/2"]
[WhiteElo "2252"]
[BlackElo "2306"]
[Annotator "TA"]
[PlyCount "71"]
[EventDate "2018.??.??"]
[EventType "tourn"]
[EventCountry "USA"]
[SourceTitle "playchess.com"]
[Source "ChessBase"]
[SourceQuality "1"]

{[%evp 14,71,35,28,75,24,76,51,62,51,54,58,66,45,51,37,36,38,55,52,71,54,73,27,47,33,169,62,97,97,101,91,88,82,220,25,30,25,50,17,33,26,27,27,29,22,15,0,0,0,0,-199,0,0,22,25,65,28,43,35]} 1. Nf3 Nf6 2. d4 g6 3. e3 Bg7 4. c4 O-O 5. Be2 c5 6. d5 e6 7. Nc3 d6 8. O-O {LiveBook: 84 Games. E61: King's Indian: Early deviations for White, including Smyslov System} (8. e4 Na6 9. O-O Nc7 10. Re1 Re8 11. e5 dxe5 12. d6 Na6 13. Nxe5 Nd7 14. Nxd7 Bxd7 15. Bf3 Qb6 {0-1 (51) Mamedyarov,S (2809)-Dubov,D (2701) Moscow 2018}) 8... e5 9. a3 $146 (9. e4 $16) ({Predecessor:} 9. e4 h6 10. Bd2 a6 11. a4 Qe8 12. Qc1 Kh7 13. h3 Ng8 14. Bd3 f5 15. exf5 gxf5 16. Nh2 e4 17. Be2 Qg6 {½-½ (36) Baterowicz,M (1727)-Mortensen,H (2022) Manly Sydney 2009}) 9... h6 (9... e4 $11) 10. Nd2 {White is better.} Nh7 11. b4 Na6 12. Rb1 b6 13. Qc2 f5 14. b5 Nc7 15. a4 g5 16. Bb2 Ne8 17. Ra1 g4 18. f4 (18. a5 $5) 18... Qe7 19. Bd3 Qh4 (19... e4 $14) 20. g3 (20. a5 $18) 20... Qh5 21. a5 {aiming for axb6.} Rb8 22. axb6 axb6 23. Ra7 e4 {[#]} (23... Rf7 $16 {is a better defense.} 24. Rxf7 Qxf7 25. fxe5 Bxe5) 24. Be2 $2 (24. Ndxe4 $1 $18 fxe4 25. Nxe4 (25. Bxe4 Bf5 $14)) 24... Rf7 $11 25. Rfa1 Nc7 26. Na4 Qg6 27. Bxg7 Qxg7 28. Qb2 Nf6 29. Qa3 h5 {[%cal Bh6h5,Bh5h4,Bh4h3][%mdl 32]} 30. Bf1 h4 31. Bg2 Nh5 32. Kf2 $2 {[#]} (32. Qb2 $11) 32... Qf6 $2 ({Better is} 32... Nxf4 $1 $19 33. gxf4 g3+ 34. Kg1 gxh2+ 35. Kh1 h3 36. Bxh3 Qg3) 33. Qb2 Qxb2 34. Nxb2 h3 35. Bf1 (35. Bxe4 $5 fxe4 36. Nxe4 $14) 35... Kf8 36. Be2 {Precision: White = 27%, Black = 43%.} 1/2-1/2

[Event "US-ch Women 2018"]
[Site "Saint Louis"]
[Date "2018.04.28"]
[Round "10"]
[White "Feng, Maggie"]
[Black "Foisor, Sabina-Francesca"]
[Result "1/2-1/2"]
[WhiteElo "2243"]
[BlackElo "2308"]
[Annotator "ChessBase"]
[PlyCount "159"]
[EventDate "2018.??.??"]
[EventType "tourn"]
[EventCountry "USA"]
[SourceTitle "playchess.com"]
[Source "ChessBase"]
[SourceQuality "1"]
[TimeControl "40/5400+30:1800+30"]

1. b3 {[%emt 0:00:00]} d5 {[%emt 0:00:59]} 2. Bb2 {[%emt 0:00:17]} Nf6 {[%emt 0:02:28]} 3. e3 {[%emt 0:01:21]} Bg4 {[%emt 0:05:57]} 4. Nf3 {[%emt 0:03:42]} e6 {[%emt 0:00:55]} 5. h3 {[%emt 0:03:07]} Bh5 {[%emt 0:02:55]} 6. Be2 {[%emt 0:06:57]} Be7 {[%emt 0:03:06]} 7. O-O {[%emt 0:02:52]} O-O {[%emt 0:01:00]} 8. c4 {[%emt 0:00:55]} c6 {[%emt 0:02:28]} 9. d4 {[%emt 0:09:54]} Ne4 {[%emt 0:06:11]} 10. Nbd2 {[%emt 0:08:16]} f5 {[%emt 0:04:28]} 11. Ne5 {[%emt 0:03:03]} Bxe2 {[%emt 0:01:42]} 12. Qxe2 {[%emt 0:00:27]} Nd7 {[%emt 0:01:41]} 13. Nxd7 {[%emt 0:07:37]} Qxd7 {[%emt 0:00:09]} 14. Nxe4 {[%emt 0:00:44]} fxe4 {[%emt 0:00:54]} 15. f3 {[%emt 0:00:17]} exf3 {[%emt 0:05:11]} 16. Rxf3 {[%emt 0:00:21]} Rxf3 {[%emt 0:12:05]} 17. Qxf3 {[%emt 0:00:17]} Bf6 {[%emt 0:01:24]} 18. Rd1 {[%emt 0:07:41]} Rf8 {[%emt 0:05:26]} 19. Qe2 {[%emt 0:00:57]} Qf7 {[%emt 0:03:08]} 20. Ba3 {[%emt 0:10:35]} Rd8 {[%emt 0:01:00]} 21. Qg4 {[%emt 0:01:12]} h5 {[%emt 0:03:42]} 22. Qe2 {[%emt 0:02:45]} Qg6 {[%emt 0:00:18]} 23. Rf1 {[%emt 0:01:00]} Rd7 {[%emt 0:06:15]} 24. Qf3 {[%emt 0:03:36]} Kh7 {[%emt 0:05:49]} 25. cxd5 {[%emt 0:11:37]} exd5 {[%emt 0:00:33]} 26. Qf5 {[%emt 0:01:04]} Qxf5 {[%emt 0:06:17]} 27. Rxf5 {[%emt 0:00:08]} Kg6 {[%emt 0:00:02]} 28. Rf3 {[%emt 0:00:52]} Kf7 {[%emt 0:02:02]} 29. Kf1 {[%emt 0:00:41]} Ke6 {[%emt 0:00:05]} 30. Ke2 {[%emt 0:00:33]} b6 {[%emt 0:02:00]} 31. Kd3 {[%emt 0:00:30]} Rc7 {[%emt 0:02:26]} 32. Rf2 {[%emt 0:02:18]} Rc8 {[%emt 0:00:33]} 33. Rc2 {[%emt 0:01:27]} Kd7 {[%emt 0:00:04]} 34. Rf2 {[%emt 0:02:05]} Re8 {[%emt 0:00:52]} 35. Rf5 {[%emt 0:01:14]} Rh8 {[%emt 0:00:10]} 36. Bb4 {[%emt 0:01:21]} a5 {[%emt 0:02:43]} 37. Be1 {[%emt 0:00:58]} Ke6 {[%emt 0:01:24]} 38. Rf1 {[%emt 0:01:09]} Rc8 {[%emt 0:04:06]} 39. Bg3 {[%emt 0:00:49]} c5 {[%emt 0:03:28]} 40. Rc1 {[%emt 0:00:35]} a4 {[%emt 0:31:05]} 41. Be1 {[%emt 0:11:40]} Kd7 {[%emt 0:00:00]} 42. dxc5 {[%emt 0:03:12]} axb3 {[%emt 0:00:00]} 43. axb3 {[%emt 0:00:12]} bxc5 {[%emt 0:00:00]} 44. e4 {[%emt 0:10:33]} Bg5 {[%emt 0:00:00]} 45. Rc2 {[%emt 0:03:02]} Ke6 {[%emt 0:00:00]} 46. exd5+ {[%emt 0:01:04]} Kxd5 {[%emt 0:00:00]} 47. Bf2 {[%emt 0:02:33]} Be7 {[%emt 0:00:00]} 48. Re2 {[%emt 0:01:29]} Bd6 {[%emt 0:00:00]} 49. Be1 {[%emt 0:00:49]} Rb8 {[%emt 0:00:00]} 50. Kc2 {[%emt 0:01:03]} Ra8 {[%emt 0:00:00]} 51. Bc3 {[%emt 0:00:28]} g5 {[%emt 0:00:00]} 52. Rd2+ {[%emt 0:00:20]} Kc6 {[%emt 0:00:00]} 53. Kd3 {[%emt 0:00:35]} Rb8 {[%emt 0:00:00]} 54. Kc4 {[%emt 0:00:44]} Rf8 {[%emt 0:00:00]} 55. Re2 {[%emt 0:01:00]} Rf4+ {[%emt 0:00:00]} 56. Kd3 {[%emt 0:00:02]} Kd5 {[%emt 0:00:00]} 57. Bd2 {[%emt 0:01:39]} Rf5 {[%emt 0:00:00]} 58. Be3 {[%emt 0:00:31]} g4 {[%emt 0:00:00]} 59. Rf2 {[%emt 0:00:58]} Re5 {[%emt 0:00:00]} 60. Bf4 {[%emt 0:01:11]} Re4 {[%emt 0:00:43]} 61. Bxd6 {[%emt 0:00:08]} Rd4+ {[%emt 0:00:03]} 62. Kc3 {[%emt 0:01:12]} Kxd6 {[%emt 0:00:03]} 63. hxg4 {[%emt 0:00:51]} Rxg4 {[%emt 0:00:34]} 64. Rf5 {[%emt 0:00:35]} h4 {[%emt 0:00:20]} 65. Rh5 {[%emt 0:00:19]} Kc6 {[%emt 0:00:58]} 66. Rh8 {[%emt 0:00:27]} Kd5 {[%emt 0:00:45]} 67. Rh5+ {[%emt 0:00:06]} Kd6 {[%emt 0:00:40]} 68. Rh6+ {[%emt 0:00:08]} Ke5 {[%emt 0:01:58]} 69. Rh5+ {[%emt 0:00:17]} Kf4 {[%emt 0:00:26]} 70. Kc4 {[%emt 0:01:24]} Kg3+ {[%emt 0:00:18]} 71. Kxc5 {[%emt 0:00:06]} Kxg2 {[%emt 0:00:06]} 72. b4 {[%emt 0:00:07]} h3 {[%emt 0:00:19]} 73. b5 {[%emt 0:00:03]} h2 {[%emt 0:00:23]} 74. b6 {[%emt 0:00:07]} h1=Q {[%emt 0:01:17]} 75. Rxh1 {[%emt 0:00:04]} Kxh1 {[%emt 0:00:04]} 76. b7 {[%emt 0:00:06]} Rg8 {[%emt 0:00:10]} 77. Kc6 {[%emt 0:00:05]} Kg2 {[%emt 0:00:19]} 78. Kc7 {[%emt 0:00:05]} Kf3 {[%emt 0:00:03]} 79. b8=Q {[%emt 0:00:08]} Rxb8 {[%emt 0:00:03]} 80. Kxb8 {[%emt 0:00:08]} 1/2-1/2

[Event "US-ch Women 2018"]
[Site "Saint Louis"]
[Date "2018.04.29"]
[Round "11"]
[White "Zatonskih, Anna"]
[Black "Abrahamyan, Tatev"]
[Result "1/2-1/2"]
[WhiteElo "2444"]
[BlackElo "2366"]
[Annotator "TA"]
[PlyCount "60"]
[EventDate "2018.??.??"]
[EventType "tourn"]
[EventCountry "USA"]
[SourceTitle "playchess.com"]
[Source "ChessBase"]
[SourceQuality "1"]

{[%evp 11,60,13,12,-27,-17,-23,-8,-31,-26,-25,-13,-35,0,0,0,0,0,0,0,0,0,0,0,0,0,0,0,0,0,0,0,0,0,0,0,0,0,-9,0,0,0,0,0,0,0,0,0,0,0,0,0]} 1. d4 Nf6 2. c4 e6 3. Nc3 Bb4 4. Qc2 O-O 5. Nf3 d5 6. cxd5 exd5 7. a3 {E32: Nimzo-Indian: Classical (4 Qc2): 4...0-0} (7. Bf4 Nbd7 8. e3 Re8 9. Bd3 c5 10. a3 Bxc3+ 11. Qxc3 c4 12. Bc2 Ne4 13. Bxe4 dxe4 14. Nd2 b5 {½-½ (63) Nakamura,H (2792)-Aronian,L (2799) Saint Louis 2017}) 7... Bxc3+ 8. bxc3 {[%cal Bb2c3,Bc3c4][%mdl 32]} Ne4 9. e3 Bf5 {[#] Threatens to win with ...Ng3!} 10. Bd3 c5 11. c4 Qa5+ (11... Nd7 {with more complications.} 12. O-O Re8 13. cxd5 Rc8 14. Qa2 cxd4 15. Qb2 Ndc5) 12. Bd2 {The position is equal.} Nxd2 $146 13. Qxd2 Qxd2+ 14. Kxd2 Bxd3 15. Kxd3 dxc4+ 16. Kxc4 cxd4 17. Nxd4 Nc6 18. Nxc6 {[#] And now Ne7+ would win.} Rac8 19. Kd3 {Hoping for Ne7+.} Rxc6 $11 {[%mdl 4096] Endgame KRR-KRR} 20. Rhc1 Rd8+ 21. Ke2 Rdc8 22. Rxc6 Rxc6 {KR-KR} 23. Rd1 {[%cal Rd1d8]} g6 24. f4 Rc2+ 25. Kf3 Rc3 26. Rd7 Rxa3 27. Rxb7 h5 28. g3 a5 29. Ra7 Ra1 30. h3 a4 {Precision: White = 70%, Black = 81%.} 1/2-1/2

[Event "US-ch Women 2018"]
[Site "Saint Louis"]
[Date "2018.04.29"]
[Round "11"]
[White "Krush, Irina"]
[Black "Yu, Jennifer"]
[Result "1/2-1/2"]
[WhiteElo "2422"]
[BlackElo "2367"]
[Annotator "TA"]
[PlyCount "91"]
[EventDate "2018.??.??"]
[EventType "tourn"]
[EventCountry "USA"]
[SourceTitle "playchess.com"]
[Source "ChessBase"]
[SourceQuality "1"]

{[%evp 21,91,10,17,0,61,61,53,58,89,79,87,76,88,94,97,95,96,73,90,95,94,85,110,68,103,101,122,122,122,122,110,38,114,110,129,109,127,128,138,122,183,137,152,136,139,145,145,144,139,137,137,143,139,50,50,43,91,52,72,19,19,5,5,5,5,5,43,43,50,24,50,5]} 1. d4 d5 2. c4 e6 3. Nf3 c6 4. e3 Nf6 5. Nbd2 Nbd7 6. Bd3 Bd6 7. O-O O-O 8. b3 b6 {D30: Queen's Gambit Declined: Systems without Nc3} 9. Bb2 Bb7 10. Ne5 (10. Qe2 c5 11. Rad1 Ne4 12. cxd5 exd5 13. Ba6 Bxa6 14. Qxa6 Re8 15. dxc5 Ndxc5 16. Qe2 Rc8 17. Rc1 Bf8 18. Rfd1 Qe7 {½-½ (45) Radjabov,T (2710)-Ding,L (2773) Moscow 2017}) 10... Rc8 11. f4 c5 {LiveBook: 4 Games} 12. Nxd7 Qxd7 (12... Nxd7 $11 13. Qg4 (13. cxd5 exd5 14. Qf3 c4 $11) 13... Nf6) 13. dxc5 $1 $14 Be7 $146 ({Of course not} 13... Bxc5 $6 14. Bxf6 gxf6 15. Qg4+ Kh8 16. Qh4 $18) ({Predecessor:} 13... Bxc5 14. Bxf6 dxc4 15. Bxh7+ {1-0 (40) Stojanovski,S (2277)-Andersen,S (2111) Ballerup 2017}) 14. cxb6 axb6 15. Qe2 g6 16. Bd4 Qd6 17. Rfd1 Nd7 18. cxd5 Bxd5 19. Nc4 Qb8 20. Ne5 Nxe5 21. Bxe5 Qa8 22. Bd4 Qa5 23. Rac1 Bb7 24. Rxc8 Rxc8 25. Bc4 Ba3 26. Qg4 (26. Ba1 $16) 26... Re8 (26... Bc5 $14) 27. h3 $16 Be4 28. Kh2 h5 29. Qe2 Rc8 30. Be5 Qa8 (30... b5 $16 {was called for.}) 31. Qf2 Qb7 32. Bb5 {[#] Rd7 is the strong threat.} Rc2 33. Rd2 Rxd2 34. Qxd2 {White wants to mate with Qd8+.} Qd5 35. Qxd5 exd5 {[%mdl 4096] Endgame KBB-KBB} 36. Bd4 Bb1 37. Bxb6 ({White should try} 37. Bc6 $16) 37... Bxa2 $14 38. Ba4 Kf8 39. Bd4 Ke7 40. g3 ({Better is} 40. Bc3 $16) 40... Bb4 $11 41. Kg2 Bb1 42. g4 hxg4 43. hxg4 Bd3 44. Kf2 Ke6 45. Be5 Ke7 46. Bc6 {Precision: White = 51%, Black = 56%.} 1/2-1/2

[Event "US-ch Women 2018"]
[Site "Saint Louis"]
[Date "2018.04.29"]
[Round "11"]
[White "Paikidze, Nazi"]
[Black "Goletiani, Rusudan"]
[Result "1/2-1/2"]
[WhiteElo "2352"]
[BlackElo "2306"]
[Annotator "ChessBase"]
[PlyCount "75"]
[EventDate "2018.??.??"]
[EventType "tourn"]
[EventCountry "USA"]
[SourceTitle "playchess.com"]
[Source "ChessBase"]
[SourceQuality "1"]
[TimeControl "40/5400+30:1800+30"]

1. e4 {[%emt 0:00:00]} c5 {[%emt 0:00:12]} 2. Nf3 {[%emt 0:00:00]} e6 {[%emt 0:00:08]} 3. d4 {[%emt 0:00:00]} cxd4 {[%emt 0:00:05]} 4. Nxd4 {[%emt 0:00:00]} a6 {[%emt 0:00:19]} 5. Bd3 {[%emt 0:00:00]} Bc5 {[%emt 0:01:08]} 6. Nb3 {[%emt 0:00:04]} Be7 {[%emt 0:00:15]} 7. O-O {[%emt 0:00:25]} Nc6 {[%emt 0:00:56]} 8. f4 {[%emt 0:00:22]} d6 {[%emt 0:02:39]} 9. Nc3 {[%emt 0:00:48]} Nf6 {[%emt 0:00:37]} 10. Qf3 {[%emt 0:00:21]} Qc7 {[%emt 0:02:28]} 11. Be3 {[%emt 0:00:39]} O-O {[%emt 0:09:21]} 12. a3 {[%emt 0:00:16]} Re8 {[%emt 0:02:05]} 13. Rae1 {[%emt 0:13:21]} g6 {[%emt 0:04:35]} 14. g4 {[%emt 0:08:29]} b5 {[%emt 0:07:03]} 15. g5 {[%emt 0:03:27]} Nd7 {[%emt 0:00:59]} 16. Qh3 {[%emt 0:09:48]} b4 {[%emt 0:01:59]} 17. Ne2 {[%emt 0:03:29]} bxa3 {[%emt 0:06:04]} 18. bxa3 {[%emt 0:00:05]} Na5 {[%emt 0:00:43]} 19. Nxa5 {[%emt 0:17:07]} Qxa5 {[%emt 0:00:08]} 20. Qh4 {[%emt 0:06:21]} Bb7 {[%emt 0:07:50]} 21. Bd4 {[%emt 0:04:59]} e5 {[%emt 0:05:01]} 22. fxe5 {[%emt 0:02:57]} Nxe5 {[%emt 0:09:33]} 23. Qf2 {[%emt 0:00:39]} Rf8 {[%emt 0:04:25]} 24. h4 {[%emt 0:00:28]} Rac8 {[%emt 0:08:41]} 25. Nf4 {[%emt 0:01:37]} Qa4 {[%emt 0:03:22]} 26. c3 {[%emt 0:02:32]} Qd7 {[%emt 0:03:53]} 27. Qg3 {[%emt 0:00:40]} Bd8 {[%emt 0:04:10]} 28. Bb1 {[%emt 0:01:41]} Nc4 {[%emt 0:02:53]} 29. Ba2 {[%emt 0:02:54]} Bb6 {[%emt 0:02:18]} 30. Bxc4 {[%emt 0:01:51]} Bxd4+ {[%emt 0:00:03]} 31. cxd4 {[%emt 0:00:03]} Rxc4 {[%emt 0:00:02]} 32. d5 {[%emt 0:00:32]} Re8 {[%emt 0:01:47]} 33. Qf3 {[%emt 0:01:11]} Bc8 {[%emt 0:00:33]} 34. Ng2 {[%emt 0:01:06]} Qc7 {[%emt 0:04:41]} 35. Re3 {[%emt 0:02:25]} a5 {[%emt 0:01:14]} 36. Nf4 {[%emt 0:04:00]} Qd7 {[%emt 0:02:09]} 37. Ng2 {[%emt 0:00:52]} Rc2 {[%emt 0:00:41]} 38. Rf2 {[%emt 0:01:16]} 1/2-1/2

[Event "US-ch Women 2018"]
[Site "Saint Louis"]
[Date "2018.04.29"]
[Round "11"]
[White "Foisor, Sabina-Francesca"]
[Black "Wang, Annie"]
[Result "1-0"]
[WhiteElo "2308"]
[BlackElo "2321"]
[Annotator "ChessBase"]
[PlyCount "73"]
[EventDate "2018.??.??"]
[EventType "tourn"]
[EventCountry "USA"]
[SourceTitle "playchess.com"]
[Source "ChessBase"]
[SourceQuality "1"]
[TimeControl "40/5400+30:1800+30"]

1. d4 {[%emt 0:00:00]} e6 {[%emt 0:00:07]} 2. c4 {[%emt 0:00:00]} Nf6 {[%emt 0:00:06]} 3. Nf3 {[%emt 0:00:00]} d5 {[%emt 0:00:07]} 4. Bg5 {[%emt 0:00:00]} Be7 {[%emt 0:00:30]} 5. Qc2 {[%emt 0:00:09]} O-O {[%emt 0:01:01]} 6. e3 {[%emt 0:00:12]} Nbd7 {[%emt 0:01:58]} 7. Nc3 {[%emt 0:01:50]} h6 {[%emt 0:02:08]} 8. Bh4 {[%emt 0:00:29]} c5 {[%emt 0:02:24]} 9. cxd5 {[%emt 0:04:41]} cxd4 {[%emt 0:05:04]} 10. Nxd4 {[%emt 0:08:23]} Nxd5 {[%emt 0:00:49]} 11. Bxe7 {[%emt 0:01:42]} Nxe7 {[%emt 0:00:12]} 12. O-O-O {[%emt 0:09:35]} Qa5 {[%emt 0:05:11]} 13. Nb3 {[%emt 0:06:12]} Qe5 {[%emt 0:02:52]} 14. g4 {[%emt 0:02:40]} Nf6 {[%emt 0:02:19]} 15. Be2 {[%emt 0:03:16]} Bd7 {[%emt 0:02:43]} 16. h4 {[%emt 0:14:01]} Rfc8 {[%emt 0:03:52]} 17. Kb1 {[%emt 0:20:40]} Nfd5 {[%emt 0:06:46]} 18. Ka1 {[%emt 0:05:58]} Bc6 {[%emt 0:17:47]} 19. Rhg1 {[%emt 0:01:28]} Nb4 {[%emt 0:07:41]} 20. Qd2 {[%emt 0:01:35]} Ned5 {[%emt 0:07:41]} 21. Nxd5 {[%emt 0:01:20]} Nxd5 {[%emt 0:00:07]} 22. g5 {[%emt 0:00:59]} hxg5 {[%emt 0:02:17]} 23. Rxg5 {[%emt 0:00:43]} Qf6 {[%emt 0:00:17]} 24. Rdg1 {[%emt 0:01:30]} Ne7 {[%emt 0:01:40]} 25. Rxg7+ {[%emt 0:02:04]} Qxg7 {[%emt 0:00:08]} 26. Rxg7+ {[%emt 0:00:04]} Kxg7 27. Qd4+ {[%emt 0:00:22]} f6 {[%emt 0:03:32]} 28. Qd6 {[%emt 0:03:38]} Kf7 {[%emt 0:02:37]} 29. Nc5 {[%emt 0:02:53]} Bd5 {[%emt 0:01:02]} 30. Bh5+ {[%emt 0:00:15]} Kf8 {[%emt 0:01:38]} 31. b4 {[%emt 0:00:43]} Rxc5 {[%emt 0:05:44]} 32. bxc5 {[%emt 0:00:01]} f5 {[%emt 0:06:03]} 33. f3 {[%emt 0:01:27]} Rc8 {[%emt 0:01:34]} 34. e4 {[%emt 0:00:33]} fxe4 {[%emt 0:02:05]} 35. fxe4 {[%emt 0:00:05]} Bxe4 {[%emt 0:00:40]} 36. Qxe6 {[%emt 0:00:15]} Bd5 {[%emt 0:00:19]} 37. Qf6+ {[%emt 0:00:10]} 1-0